| 000 | 00789nam a22001817a 4500 | ||
|---|---|---|---|
| 005 | 20120411115618.0 | ||
| 020 |
_c100.00 _a |
||
| 035 | _aB-25788 | ||
| 037 |
_b _adpl |
||
| 082 | _a355.02 | ||
| 100 |
_aत्यागी, अनुपम _944945 |
||
| 245 | 1 |
_aविजय अभियानः कारगिल / _cअनुपम त्यागी |
|
| 260 |
_aनई दिल्ली _bआकाशदीप पब्लिकेशंस _c1999 |
||
| 270 |
_a _b _e _k |
||
| 300 |
_a120पृ. _c22सेमी (सजिल्द) |
||
| 942 |
_adpl _cHN _k _2ddc _h355.02 _mत्यागीअ |
||
| 999 |
_c64840 _d64840 |
||